| 000 | 00414 a2200109 4500 | ||
|---|---|---|---|
| 001 | ART_41544 | ||
| 005 | 20260410162023.0 | ||
| 008 | 260409a | ||
| 245 | 1 | 0 | _aLa declaración del estado de emergencia económica por el derecho nacional y el transnacional |
| 100 | 1 | _aSagüés, Néstor Pedro | |
| 773 | 0 |
_tRevista Iberoamericana de derecho constitucional _g- Año I, Nº 1 (nov. 2003) _wREV41515 |
|
| 999 |
_c33284 _d33284 |
||